| 000 | 00918nam a2200241 a 4500 | ||
|---|---|---|---|
| 001 | nice12345678 | ||
| 003 | IN_TiNIC | ||
| 005 | 20260116011314.0 | ||
| 008 | 050524s1891 newa grp 000 0 eng | ||
| 020 |
_a _c100 |
||
| 082 | 0 | 0 |
_a296.09 _bSCH |
| 100 | _aSchurer, Emil | ||
| 245 | _aHistory of the Jewish People in the Time of Jesus Christ | ||
| 260 |
_aNew York _bCharles Scribner`s Sons, _c1891 |
||
| 300 | _a465p | ||
| 500 | _aincludes index and biblioraphy | ||
| 505 | 2 | _aIndex | |
| 505 | 2 |
_aIndex00 _gV1. _tHistory of the Jewish People in the Time of Jesus Christ.-- _gV2. _tHistory of the Jewish People in the Time of Jesus Christ.-- _gV3. _tHistory of the Jewish People in the Time of Jesus Christ.-- _gV4. _tHistory of the Jewish People in the Time of Jesus Christ.-- _gV5. _tHistory of the Jewish People in the Time of Jesu |
|
| 650 | _aJudaism-History | ||
| 902 | _bSRS | ||
| 942 | _cBK | ||
| 999 |
_c348 _d348 |
||